ბათუმის შოთა რუსთაველის სახელმწიფო უნივერსიტეტის ბიბლიოთეკა

HTML & CSS : Design and build websites / (ბიბ.ჩანაწერი № 41109)

000 -LEADER
fixed length control field 00634nam a2200217Ia 4500
001 - CONTROL NUMBER
control field 7759
003 - CONTROL NUMBER IDENTIFIER
control field GE_BSU
005 - DATE AND TIME OF LATEST TRANSACTION
control field 20220926105032.0
008 - FIXED-LENGTH DATA ELEMENTS--GENERAL INFORMATION
fixed length control field 181216sen 2011xx |||||||||||||| ||eng||
020 ## - INTERNATIONAL STANDARD BOOK NUMBER
International Standard Book Number 9781118008188
040 ## - CATALOGING SOURCE
Transcribing agency GE_BSU
041 ## - LANGUAGE CODE
Language code of text/sound track or separate title eng
080 ## - UNIVERSAL DECIMAL CLASSIFICATION NUMBER
Universal Decimal Classification number 004.42 D-84
100 ## - MAIN ENTRY--PERSONAL NAME
Personal name Duckett, Jon
9 (RLIN) 14764
245 ## - TITLE STATEMENT
Title HTML & CSS : Design and build websites /
Statement of responsibility, etc. Jon Duckett.
264 ## - PRODUCTION, PUBLICATION, DISTRIBUTION, MANUFACTURE, AND COPYRIGHT NOTICE
Place of production, publication, distribution, manufacture Canada :
Name of producer, publisher, distributor, manufacturer Wiley,
Date of production, publication, distribution, manufacture, or copyright notice 2011.
300 ## - PHYSICAL DESCRIPTION
Extent 490 p.:
Dimensions 23 cm.
653 ## - INDEX TERM--UNCONTROLLED
keyword HTML & CSS : Design and build websites
653 ## - INDEX TERM--UNCONTROLLED
keyword ვებსაიტების დიზაინი და შექმნა
942 ## - ADDED ENTRY ELEMENTS (KOHA)
Koha item type წიგნი
Source of classification or shelving scheme
ეგზემპლარები
Withdrawn status Lost status Source of classification or shelving scheme Damaged status Not for loan Permanent Location Current Location Shelving location Date acquired Cost, normal purchase price Full call number Barcode Date last seen Copy number Price effective from Koha item type Public note
          ბათუმის შოთა რუსთაველის სახელმწიფო უნივერსიტეტის მთავარი ბიბლიოთეკა ბათუმის შოთა რუსთაველის სახელმწიფო უნივერსიტეტის მთავარი ბიბლიოთეკა წიგნსაცავი 2018-12-17 39.00 004.42 D-84 24144 2018-12-17 24144 2018-12-17 წიგნი 39gel.